| 000 | 00729nam a22002177a 4500 | ||
|---|---|---|---|
| 003 | 0 | ||
| 005 | 20241115093755.0 | ||
| 008 | 241115b xxu||||| |||| 00| 0 eng d | ||
| 020 | _a9781032288819 | ||
| 050 |
_aP 91.3 _b.B69 2024 |
||
| 100 |
_aBoyle, Michael P., _eauthor. |
||
| 245 |
_aApplied communication research methods : _bgetting started as a researcher / _cMichael P. Boyle and Mike Schmierbach. |
||
| 250 | _a3rd ed. | ||
| 260 |
_aNew York, NY : _bRoutledge, _cc2024. |
||
| 300 |
_axvii, 316 p. : _bill. ; _c26 cm. |
||
| 504 | _aIncludes bibliographic references and index. | ||
| 650 |
_aCommunication _vResearch. |
||
| 650 |
_aCommunication _vMethodology. |
||
| 700 |
_aSchmierbach, Mike, _eauthor. |
||
| 942 |
_2lcc _cBK |
||
| 999 |
_c366731 _d366731 |
||